000 00444nam a22001457a 4500
003 OSt
082 _a631.75807
_bPRA/DE
088 _aT 598
100 _aPrakash, Bowlekar Adwait
_95733
245 _aDetermination of water balance components of a micro watershed for improved water management practices /
260 _bDEPARTMENT OF SOIL AND WATER CONSERVATION ENGINEERING
300 _a211p.
700 _aSathian K.K (Guide)
942 _cTH
999 _c18066
_d18066